| 000 | 02052cam a2200265 4500500 | ||
|---|---|---|---|
| 005 | 20260222011930.0 | ||
| 041 | _afre | ||
| 042 | _adc | ||
| 100 | 1 | 0 |
_aPeysson-Zeiss, Agnès _eauthor |
| 245 | 0 | 0 | _aEntre enfermement et réinscription visuelle : les enfants albinos sortent des cases |
| 260 | _c2024. | ||
| 500 | _a39 | ||
| 520 | _aThis article proposes a study of albinism seen through the lens of comics. The study takes into account the emergent field of disabilities studies in Europe, aiming to apply the approaches used to two comics coming from Sub-Saharan Africa, Gabon and Cameroon. It analyzes the relationship existing between disability (handicap), witchcraft and modern medicine, highlighting the tenuous link between acceptance and rejection in the various communities that the illustrators presents. The works discussed aim to re-inscribe the given disability in everyday life and give positive visibility to people with albinism in society. | ||
| 520 | _aCet article propose une étude de l’albinisme dans la bande dessinée. Il prend acte de l’émergence des disability studies en Europe et applique ces approches à deux bandes dessinées venant d’Afrique subsaharienne, le Gabon et le Cameroun. Son examen du rapport entre handicap, accusations de sorcellerie et médecine moderne met en exergue le lien ténu existant entre acceptation et rejet dans les diverses communautés présentées. Les œuvres analysées ici visent à réinscrire le handicap dans le quotidien sur le continent et à redonner une visibilité positive aux personnes qui en sont atteintes. | ||
| 690 | _aAfrique subsaharienne | ||
| 690 | _aalbinisme | ||
| 690 | _ahandicap | ||
| 690 | _avisibilité positive | ||
| 690 | _aalbinism | ||
| 690 | _adisability | ||
| 690 | _apositive visibility | ||
| 690 | _aSub-Saharan Africa | ||
| 786 | 0 | _nL'irrégulière | 26 | 1 | 2024-09-23 | p. 109-122 | 1962-9419 | |
| 856 | 4 | 1 | _uhttps://shs.cairn.info/revue-d-histoire-de-l-enfance-irreguliere-2024-1-page-109?lang=fr&redirect-ssocas=7080 |
| 999 |
_c1670036 _d1670036 |
||